书目信息 |
| 题名: |
环境与能源科学导论
|
|
| 作者: | 刘震炎 , 张维竞 编 | |
| 分册: | ||
| 出版信息: | 北京 科学出版社 2005 |
|
| 页数: | 230页 | |
| 开本: | 24cm | |
| 丛书名: | ||
| 单 册: | ||
| 中图分类: | X , X24 | |
| 科图分类: | ||
| 主题词: | 人类--关系--环境 , 环境工程 , 资源--关系--环境 , 能源--关系--环境 | |
| 电子资源: | ||
| ISBN: | 7-03-015821-0 | |
| 000 | 00990nam0 2200313 45 | |
| 001 | 012003988724 | |
| 005 | 20070805145843.01 | |
| 009 | 012003988724 | |
| 010 | @a7-03-015821-0@dCNY29.00 | |
| 035 | @a(110019)012004180371 | |
| 100 | @a20051011d2005 em y0chiy0110 ea | |
| 101 | 0 | @achi |
| 102 | @aCN@b110000 | |
| 105 | @ay z 000yy | |
| 106 | @ar | |
| 200 | 1 | @a环境与能源科学导论@Ahuan jing yu neng yuan ke xue dao lun@f刘震炎, 张维竞等编@Fliu zhen yan , zhang wei jing deng bian |
| 210 | @a北京@c科学出版社@d2005 | |
| 215 | @a230页@d24cm | |
| 330 | @a本书介绍了现代社会人类与自然环境及能源的关系,着重介绍了能源利用、交通运输、工农业生产及辐射、噪声对环境的污染及防治措施。 | |
| 606 | 0 | @a人类@x关系@x环境 |
| 606 | 0 | @a环境工程 |
| 606 | 0 | @a资源@x关系@x环境 |
| 606 | 0 | @a能源@x关系@x环境 |
| 690 | @aX@v4 | |
| 690 | @aX24@v3 | |
| 701 | 0 | @a刘震炎@Aliu zhen yan@4编 |
| 701 | 0 | @a张维竞@Azhang wei jing@4编 |
| 801 | 0 | @aCN@b110019@c20070805 |
| 905 | @dX24@e103@f4 | |
| 环境与能源科学导论/刘震炎, 张维竞等编.-北京:科学出版社,2005 |
| 230页;24cm |
| ISBN 7-03-015821-0:CNY29.00 |
| 本书介绍了现代社会人类与自然环境及能源的关系,着重介绍了能源利用、交通运输、工农业生产及辐射、噪声对环境的污染及防治措施。 |
| ● |
| 相关链接 |
|
|
|
|
正题名:环境与能源科学导论
索取号:X24/103
 
预约/预借
| 序号 | 登录号 | 条形码 | 馆藏地/架位号 | 状态 | 备注 |
| 1 | 0851603 | 208516033 | 第二样本阅览室/ [索取号:X24/103] | 在馆 | |
| 2 | 0851604 | 208516042 | 第三借阅区/ [索取号:X24/103] | 在馆 | |
| 3 | 0851605 | 208516051 | 第三借阅区/ [索取号:X24/103] | 在馆 | |
| 4 | 0851606 | 208516060 | 第三借阅区/ [索取号:X24/103] | 在馆 |